| 000 | 00421nam a2200157 i 4500 | ||
|---|---|---|---|
| 001 | 73970 | ||
| 003 | ES-MaACL | ||
| 005 | 20230906171956.0 | ||
| 007 | t| | ||
| 008 | 040914s1935 py ||||1| spa d | ||
| 100 | 1 |
_aGonzález, J. Natalicio. _958323 |
|
| 245 | 1 | 3 |
_aEl Paraguay eterno / _cJ. Natalicio González. |
| 260 |
_aAsunción : _bGuaranía, _c1935. |
||
| 300 |
_a204 p. ; _c20 cm. |
||
| 852 |
_aES-MaACL _j1819-F-10 |
||
| 999 |
_c73970 _d73970 |
||